Coleridge on the seventeenth century / (Record no. 23072)
[ view plain ]
| 000 -LEADER | |
|---|---|
| fixed length control field | 01009nam a2200277 4500 |
| 001 - CONTROL NUMBER | |
| control field | 23072 |
| 003 - CONTROL NUMBER IDENTIFIER | |
| rucl marc code | BD-RjUL |
| 005 - DATE AND TIME OF LATEST TRANSACTION | |
| control field | 20211209000904.0 |
| 008 - FIXED-LENGTH DATA ELEMENTS--GENERAL INFORMATION | |
| fixed length control field | 140310s19681955nyu b 001 0 eng |
| 035 ## - SYSTEM CONTROL NUMBER | |
| System control number | (BD-RjUL)23137 |
| 040 ## - CATALOGING SOURCE | |
| Original cataloging agency | DLC |
| Transcribing agency | DLC |
| Modifying agency | DLC |
| -- | BD-RjUL |
| Language of cataloging | eng |
| 041 ## - LANGUAGE CODE | |
| Language code of text/sound track or separate title | eng |
| 082 00 - DEWEY DECIMAL CLASSIFICATION NUMBER | |
| Classification number | 820.9003 |
| Author mark and year | COC 1968 |
| 100 1# - MAIN ENTRY--PERSONAL NAME | |
| Personal name | Coleridge, Samuel Taylor, |
| Dates associated with a name | 1772-1834. |
| 9 (RLIN) | 71154 |
| 245 00 - TITLE STATEMENT | |
| Title | Coleridge on the seventeenth century / |
| Statement of responsibility, etc. | Edited by Roberta Florence Brinkley. Introd. by Louis I. Bredvold. |
| 260 ## - PUBLICATION, DISTRIBUTION, ETC. (IMPRINT) | |
| Place of publication, distribution, etc. | New York : |
| Name of publisher, distributor, etc. | Greenwood Press, |
| Date of publication, distribution, etc. | c195[Reprinted 1968]. |
| 300 ## - PHYSICAL DESCRIPTION | |
| Pagination | xxxviii, 704 p. ; |
| Size | 24 cm. |
| 504 ## - BIBLIOGRAPHY, ETC. NOTE | |
| Bibliography, etc | Bibliography: p. [xv]-xx. and index. |
| 650 #0 - SUBJECT ADDED ENTRY--TOPICAL TERM | |
| Topical term or geographic name as entry element | English literature |
| Chronological subdivision | Early modern, 1500-1700 |
| General subdivision | History and criticism. |
| 9 (RLIN) | 53256 |
| Topical term or geographic name as entry element | Civilization, Modern |
| Chronological subdivision | 17th century. |
| 9 (RLIN) | 71155 |
| 651 #0 - SUBJECT ADDED ENTRY--GEOGRAPHIC NAME | |
| Geographic name | Great Britain |
| General subdivision | Intellectual life |
| Chronological subdivision | 17th century. |
| 9 (RLIN) | 55006 |
| 700 1# - ADDED ENTRY--PERSONAL NAME | |
| Personal name | Brinkley, Roberta Florence, |
| Relator term | ed. |
| 942 ## - ADDED ENTRY ELEMENTS (KOHA) | |
| Source of classification or shelving scheme | Dewey Decimal Classification |
| Koha item type | Books |
| Lost status | Source of classification or shelving scheme | Damaged status | Not for loan | Collection code | Permanent Location | Current Location | Shelving location | Date acquired | Source of acquisition | Cost, normal purchase price | Total Checkouts | Full call number | Date last seen | Copy number | Koha item type |
|---|---|---|---|---|---|---|---|---|---|---|---|---|---|---|---|
| Dewey Decimal Classification | Added to bundle | Non-fiction | Central Library, University of Rajshahi | Central Library, University of Rajshahi | Reading Room | 03/03/1970 | Zeit | 232.60 | 820.9003 COC 1968 | 10/03/2014 | C-1 | Books |